| 000 | 00442nam a22001697a 4500 | ||
|---|---|---|---|
| 999 |
_c525146 _d525146 |
||
| 003 | NUST | ||
| 038 | _awaseem | ||
| 082 |
_a891.421 _bNIA |
||
| 100 |
_aNiazi, Muneer _915694 |
||
| 245 |
_aChar chup cheezan / _cMuneer Niazi |
||
| 260 |
_aIslamabad : _bDost publications, _c2008. |
||
| 300 | _a54 p. ; | ||
| 500 | _aHardcover. | ||
| 880 |
_6100-01\r _aمنیر نیازی |
||
| 880 |
_6245-02\r _aچار چُپ چیزاں / |
||
| 942 |
_2ddc _cBK |
||